000 01078nam a2200301 4500
003 EG-GICUC
005 20260415150804.0
008 260415s1979 sz ||||fr|||| 000 0 eng d
040 _aEG-GiCUC
_beng
_cEG-GiCUC
_dEG-GiCUC
_eRda
041 _aeng
_heng
082 0 4 _221
_a341.65
_bIN . I
092 0 4 _221
099 _aLaw 12 341.65 IN . I 1979
110 _aInternational Committee of the Red Cross
_eAuthor.
245 1 3 _aThe ICRC, the League and the Report on the Re-appraisal of the Role of the Red Cross /
_cBy International Committee of the Red Cross.
264 1 _ageneva;
_bInternational Review of the Red Cross,
_c1979.
300 _a72 page :
_billustration ;
_c 24 cm.
336 _2rda contenu
_a texte
337 _2rda medias
_aOrdinateur
338 _2 transporteur rda
_a Ressource en ligne
504 _aBibliography: pages 200-250. 240-220
546 _aText in English
650 1 _aPublic international law
_2qrmak
651 1 _2qrmak
856 4 0 _uhttps://fll.law.cu.edu.eg/fulltext/bks/B11-05224.pdf
905 _a31
942 _2ddc
_n0
_cBK
_e21
999 _c71097
_d71097